DOA - Dead Or Alive [DVD] [2006] (Record no. 166)
[ view plain ]
| 000 -LEADER | |
|---|---|
| fixed length control field | 01021ngm a2200265 a 4500 |
| 001 - CONTROL NUMBER | |
| control field | ASINB000KGGP4E |
| 005 - DATE AND TIME OF LATEST TRANSACTION | |
| control field | 20200421093821.0 |
| 008 - FIXED-LENGTH DATA ELEMENTS--GENERAL INFORMATION | |
| fixed length control field | 110204s2008 xxu eng d |
| 020 ## - INTERNATIONAL STANDARD BOOK NUMBER | |
| Terms of availability | Đ9.99 |
| 245 10 - TITLE STATEMENT | |
| Title | DOA - Dead Or Alive [DVD] [2006] |
| Medium | [videorecording] / |
| Statement of responsibility, etc. | Jaime Pressly, Holly Valance, Sarah Carter, Natassia Malthe, Devon Aoki, Jaime Pressly, Holly Valance. |
| 260 ## - PUBLICATION, DISTRIBUTION, ETC. | |
| Place of publication, distribution, etc. | [S.l.] : |
| Name of publisher, distributor, etc. | Uca, |
| Date of publication, distribution, etc. | 2008. |
| 300 ## - PHYSICAL DESCRIPTION | |
| Extent | 1 videodisc (83 min.) : |
| Other physical details | sd., col ; |
| Dimensions | 4 3/4 in. |
| 511 1# - PARTICIPANT OR PERFORMER NOTE | |
| Participant or performer note | Starring Jaime Pressly, Holly Valance, Sarah Carter, Natassia Malthe, Devon Aoki. |
| 521 ## - TARGET AUDIENCE NOTE | |
| Target audience note | Suitable for 15 years and over. |
| 538 ## - SYSTEM DETAILS NOTE | |
| System details note | Anamorphic, PAL. |
| 700 1# - ADDED ENTRY--PERSONAL NAME | |
| Personal name | Pressly, Jaime. |
| 700 1# - ADDED ENTRY--PERSONAL NAME | |
| Personal name | Valance, Holly. |
| Dates associated with a name | 1983- |
| 9 (RLIN) | 75 |
| 700 1# - ADDED ENTRY--PERSONAL NAME | |
| Personal name | Carter, Sarah. |
| 9 (RLIN) | 443 |
| 700 1# - ADDED ENTRY--PERSONAL NAME | |
| Personal name | Malthe, Natassia. |
| 9 (RLIN) | 444 |
| 700 1# - ADDED ENTRY--PERSONAL NAME | |
| Personal name | Aoki, Devon |
| Dates associated with a name | 1982- |
| 9 (RLIN) | 445 |
| 700 1# - ADDED ENTRY--PERSONAL NAME | |
| Personal name | Pressly, Jaime. |
| 700 1# - ADDED ENTRY--PERSONAL NAME | |
| Personal name | Valance, Holly. |
| Dates associated with a name | 1983- |
| 9 (RLIN) | 75 |
| 856 40 - ELECTRONIC LOCATION AND ACCESS | |
| Materials specified | Amazon.com |
| Uniform Resource Identifier | <a href="http://www.amazon.co.uk/exec/obidos/ASIN/B000KGGP4E/chopaconline-20">http://www.amazon.co.uk/exec/obidos/ASIN/B000KGGP4E/chopaconline-20</a> |
| 942 ## - ADDED ENTRY ELEMENTS (KOHA) | |
| Source of classification or shelving scheme | Dewey Decimal Classification |
| Koha item type | Visual Materials |
| Withdrawn status | Lost status | Damaged status | Not for loan | Collection | Home library | Current library | Shelving location | Date acquired | Barcode | Date last seen | Price effective from | Koha item type |
|---|---|---|---|---|---|---|---|---|---|---|---|---|
| Non-fiction | Fairview | Fairview | Audio visual | 09/04/2014 | 39999000007091 | 09/04/2014 | 09/04/2014 | Visual Materials |